Central Library OPAC University of Rajshahi

ফেসবুক কড়া চা / (Record no. 57405)

MARC details
000 -LEADER
fixed length control field 00814nam a2200229 a 4500
001 - CONTROL NUMBER
control field 57405
003 - CONTROL NUMBER IDENTIFIER
rucl marc code BD-RjUL
005 - DATE AND TIME OF LATEST TRANSACTION
control field 20211209080515.0
008 - FIXED-LENGTH DATA ELEMENTS--GENERAL INFORMATION
fixed length control field 160812s2016 bg ||||| |||| 00| 0 ben d
020 ## - INTERNATIONAL STANDARD BOOK NUMBER
International Standard Book Number 9789849171874
Terms of availability : Tk.400.00
035 ## - SYSTEM CONTROL NUMBER
System control number (BD-RjUL)57529
040 ## - CATALOGING SOURCE
Original cataloging agency BD-RjUL
Language of cataloging ben
Transcribing agency BD-RjUL
Modifying agency BD-RjUL
041 ## - LANGUAGE CODE
Language code of text/sound track or separate title ben
082 ## - DEWEY DECIMAL CLASSIFICATION NUMBER
Edition number 23
Classification number 891.444
Author mark and year IMF 2016
100 ## - MAIN ENTRY--PERSONAL NAME
Personal name ইমন, রহমতউল্লাহ
9 (RLIN) 170404
245 10 - TITLE STATEMENT
Title ফেসবুক কড়া চা /
Statement of responsibility, etc. রহমতউল্লাহ ইমন
260 ## - PUBLICATION, DISTRIBUTION, ETC. (IMPRINT)
Place of publication, distribution, etc. ঢাকা :
Name of publisher, distributor, etc. নন্দিতা প্রকাশ,
Date of publication, distribution, etc. ২০১৬.
300 ## - PHYSICAL DESCRIPTION
Pagination ২০৮ পৃ. :
Illustrations চিত্র ;
Size ২৩ সেমি.
650 ## - SUBJECT ADDED ENTRY--TOPICAL TERM
Topical term or geographic name as entry element বাংলা প্রবন্ধ
9 (RLIN) 170454
Topical term or geographic name as entry element Bengali Essays
9 (RLIN) 170481
942 ## - ADDED ENTRY ELEMENTS (KOHA)
Source of classification or shelving scheme Dewey Decimal Classification
Koha item type Books
Holdings
Lost status Source of classification or shelving scheme Damaged status Not for loan Collection code Permanent Location Current Location Shelving location Date acquired Source of acquisition Cost, normal purchase price Total Checkouts Full call number Date last seen Copy number Koha item type Date checked out
  Dewey Decimal Classification   Not For Loan Non-fiction Central Library, University of Rajshahi Central Library, University of Rajshahi Reading Room 20/07/2016 Nondita Prokash, Dhaka. 4.00   B 891.444 IMF 2016 08/12/2016 C-1 Books  
  Dewey Decimal Classification     Non-fiction Central Library, University of Rajshahi Central Library, University of Rajshahi   20/07/2016 Nondita Prokash, Dhaka. 4.00 8 B 891.444 IMF 2016 02/03/2020 C-2 Books 19/02/2020
  Dewey Decimal Classification     Non-fiction Central Library, University of Rajshahi Central Library, University of Rajshahi   20/07/2016 Nondita Prokash, Dhaka. 4.00 5 B 891.444 IMF 2016 14/11/2022 C-3 Books 31/10/2022